000 00453nam a2200169 a 4500
005 20140310183323.0
008 060309s19uu xx 00 eng d
020 _a0451145054
050 _aE 183.8.I55
_b.F65 1984
100 _aFollett, Ken
245 _aOn wings of eagles /
_cKen Follett.
260 _aNew York :
_bNew American Library,
_c1983.
300 _a413 p. :
_c17 cm.
500 _a"A Signet Book".
942 _cBK
_2lcc
999 _c21441
_d21441